| 000 | 01546nam a2200349 i 4500 | ||
|---|---|---|---|
| 003 | DO-SdBNP | ||
| 005 | 20250520093012.0 | ||
| 007 | ta | ||
| 008 | 250516b2024 dr ||||| |||| 00| 0 spa d | ||
| 020 | _a9789945223576 | ||
| 040 |
_aDO-SdBNP _bspa _cBNPHU _erda |
||
| 041 | _aspa | ||
| 082 | 4 |
_a324.6 _bR311s _222 |
|
| 245 | 1 | 3 |
_aRecopilación de temas políticos-electorales (segundo curso) : _bSistemas electorales esquema básico de las exposiciones / _cexpositor Dieter Nohlen ; coordinador Clodoaldo Mateo Villanueva ; prólogo Felipe Carvajal de los Santos |
| 250 | _aPrimera edición | ||
| 264 | 1 |
_aSanto Domingo : _bFundación Friedrich Ebert, _c2024 |
|
| 300 |
_a100 páginas : _bilustraciones ; _c22 cm. |
||
| 336 |
_ardacontent _btexto _2txt |
||
| 337 |
_ardamedia _bsin mediación _2n |
||
| 338 |
_ardacarrier _bvolumen _2nc |
||
| 505 | _aPrologo 11 -- Informe del segundo curso 15 -- Resumen curricular: Dieter Nohlen 19 -- Contenido 21 -- Tipos de elecciones 23 -- Sistemática electoral 37 -- Principios de representación y reglas decisorias 45 -- Sistema electoral Alemán 61 -- Bibliografía 91 -- Anexos 97 | ||
| 590 | _aInventariado, 2025/DG | ||
| 650 | 4 |
_aSistemas electorales _987784 |
|
| 650 | 4 |
_aElecciones _96411 |
|
| 650 | 4 |
_aDemocracia _9286 |
|
| 650 | 4 |
_aAutoritarismo _987802 |
|
| 650 | 4 |
_aCentros de capacitación _zRepública Dominicana _987830 |
|
| 700 | 1 |
_aMateo Villanueva, Clodoaldo _ecoordinador _987478 |
|
| 700 | 1 |
_aCarvajal de los Santos, Felipe _eprologuista _987831 |
|
| 910 | _aDG | ||
| 942 |
_2ddc _cLBS1 |
||
| 999 |
_c59058 _d59058 |
||